| 000 | 00448nam a2200181Ia 4500 | ||
|---|---|---|---|
| 005 | 20250423095839.0 | ||
| 008 | 250422s9999 xx 000 0 und d | ||
| 020 | _a0-471-60560-3 | ||
| 050 | _aTK 787185 .TG93/ | ||
| 100 | _aM. S. Tyagi | ||
| 245 | 0 | _aIntroduction to Semiconductor Materials and Devices | |
| 260 | _aNew York | ||
| 260 | _bJohn Wiley & Sons | ||
| 260 | _c1991 | ||
| 300 | _a657 p | ||
| 650 | _aSemiconductors | ||
| 942 | _cBK | ||
| 999 |
_c31511 _d31511 |
||